书目信息 |
| 题名: |
粮油加工学
|
|
| 作者: | 路飞 , 马涛 主编 | |
| 分册: | ||
| 出版信息: | 北京 科学出版社 2018.03 |
|
| 页数: | 250页 | |
| 开本: | 26cm | |
| 丛书名: | ||
| 单 册: | ||
| 中图分类: | TS210.4 , TS224 | |
| 科图分类: | ||
| 主题词: | 粮食加工--教材 , 油料加工--教材 | |
| 电子资源: | ||
| ISBN: | 978-7-03-055718-6 | |
| 000 | 01072nam0 2200301 450 | |
| 001 | 4486 | |
| 005 | 20181012101047.49 | |
| 010 | @a978-7-03-055718-6@dCNY49.80 | |
| 100 | @a20180612d2018 em y0chiy50 ea | |
| 101 | 0 | @achi |
| 102 | @aCN@b110000 | |
| 105 | @ay az 000yy | |
| 200 | 1 | @a粮油加工学@9liang you jia gong xue@f路飞,马涛主编 |
| 210 | @a北京@c科学出版社@d2018.03 | |
| 215 | @a250页@d26cm | |
| 300 | @a食品科学与工程类系列规划教材 | |
| 312 | @a封面英文题名:Grain and oil processing | |
| 320 | @a有书目 | |
| 330 | @a本书对主要粮油原料的加工工艺原理、工艺方法和操作要点等进行了较为全面的阐述。本书内容包括粮油原料的初加工及深加工,主要包括绪论、稻谷加工、小麦加工、玉米加工、油脂加工及精炼、豆类薯类食品加工、淀粉生产及深加工、植物蛋白加工、大麦等其他谷物的加工。 | |
| 510 | 1 | @aGrain and oil processing@zeng |
| 606 | 0 | @a粮食加工@j教材 |
| 606 | 0 | @a油料加工@j教材 |
| 690 | @aTS210.4@v5 | |
| 690 | @aTS224@v5 | |
| 701 | 0 | @a路飞@9lu fei@4主编 |
| 701 | 0 | @a马涛@9ma tao@4主编 |
| 801 | 0 | @aCN@b91MARC@c20180612 |
| 905 | @aMuseLib@dTS210.4@e290 | |
| 粮油加工学/路飞,马涛主编.-北京:科学出版社,2018.03 |
| 250页;26cm |
| 食品科学与工程类系列规划教材 |
| ISBN 978-7-03-055718-6:CNY49.80 |
| 本书对主要粮油原料的加工工艺原理、工艺方法和操作要点等进行了较为全面的阐述。本书内容包括粮油原料的初加工及深加工,主要包括绪论、稻谷加工、小麦加工、玉米加工、油脂加工及精炼、豆类薯类食品加工、淀粉生产及深加工、植物蛋白加工、大麦等其他谷物的加工。 |
| ● |
| 相关链接 |
|
|
|
|
正题名:粮油加工学
索取号:TS210.4/290
 
预约/预借
| 序号 | 登录号 | 条形码 | 馆藏地/架位号 | 状态 | 备注 |
| 1 | 1125346 | 211253463 | 第二样本阅览室/ [索取号:TS210.4/290] | 在馆 | |
| 2 | 1125347 | 211253472 | 第三借阅区/ [索取号:TS210.4/290] | 在馆 | |
| 3 | 1125348 | 211253481 | 第三借阅区/ [索取号:TS210.4/290] | 在馆 | |
| 4 | 1125349 | 211253490 | 第三借阅区/ [索取号:TS210.4/290] | 在馆 | |
| 5 | 1125350 | 211253506 | 第三借阅区/ [索取号:TS210.4/290] | 在馆 |